[Event "Heusenstamm Schloss op 1st"]
[Site "Heusenstamm"]
[Date "2014.11.21"]
[Round "3"]
[White "Kirchner, Stefan2222"]
[Black "Fey, Karl Heinz"]
[Result "1-0"]
[WhiteElo "1481"]
[BlackElo "884"]
[PlyCount "57"]
[EventDate "2014.11.20"]
[EventType "swiss"]
[EventRounds "7"]
[EventCountry "GER"]
[SourceTitle "CBM 163 Extra"]
[Source "ChessBase"]
[SourceDate "2014.12.23"]
[SourceVersion "1"]
[SourceVersionDate "2014.12.23"]
[SourceQuality "1"]

1. e4 c5 2. Nf3 Nc6 3. d4 cxd4 4. Nxd4 e6 5. a3 g6 6. Nb5 Bg7 7. N1c3 Nf6 8. Nd6+ Ke7 9. Bf4 h6 10. Ncb5 e5 11. Nxc8+ Kf8 12. Bxe5 Nxe5 13. Qd6+ Qe7 14. Qxe7+ Kg8 15. Nbxa7 Nxe4 16. f3 Bf6 17. Qe8+ Kg7 18. Qxh8+ Kxh8 19. fxe4 Bd8 20. 0-0-0 Bc7 21. Bb5 Bb8 22. Rhf1 Bxa7 23. Nxa7 Rxa7 24. Bxd7 b6 25. Bb5 Kh7 26. h3 Kg7 27. Rd5 Nd7 28. Rxd7 Rxd7 29. Bxd7 1-0

[Event "Wiesbaden op 26th"]
[Site "Wiesbaden"]
[Date "2014.08.30"]
[Round "5"]
[White "Fey, Karl Heinz"]
[Black "Jahraus, Marlis"]
[Result "0-1"]
[WhiteElo "889"]
[BlackElo "1124"]
[PlyCount "44"]
[EventDate "2014.08.28"]
[EventType "swiss"]
[EventRounds "7"]
[EventCountry "GER"]
[SourceTitle "CBM 162 Extra"]
[Source "ChessBase"]
[SourceDate "2014.10.17"]
[SourceVersion "1"]
[SourceVersionDate "2014.10.17"]
[SourceQuality "1"]

1. Nf3 Nf6 2. c4 e6 3. Nc3 d5 4. cxd5 exd5 5. d4 c5 6. e3 Nc6 7. Be2 Bd6 8. 0-0 cxd4 9. exd4 0-0 10. a3 Re8 11. Bg5 h6 12. Bxf6 Qxf6 13. Nxd5 Qe6 14. Nc3 Qd7 15. Qd2 Bc7 16. Nb5 Bb8 17. Nc3 a6 18. Rab1 Qd6 19. b4 b5 20. d5 Ne5 21. Ne4 Nxf3+ 22. Bxf3 Qxh2# 0-1

[Event "Karl Mala Memorial op-B 16th"]
[Site "Frankfurt"]
[Date "2013.07.14"]
[Round "7"]
[White "Fey, Karl Heinz"]
[Black "Wenzel, Calvin"]
[Result "0-1"]
[WhiteElo "796"]
[BlackElo "1057"]
[PlyCount "34"]
[EventDate "2013.07.11"]
[EventType "swiss"]
[EventRounds "7"]
[EventCountry "GER"]
[SourceTitle "CBM 155 Extra"]
[Source "ChessBase"]
[SourceDate "2013.08.26"]
[SourceVersion "1"]
[SourceVersionDate "2013.08.26"]
[SourceQuality "1"]

1. Nf3 Nc6 2. d4 d5 3. Nc3 Nf6 4. Ne5 e6 5. e3 Bd6 6. Bb5 Bd7 7. Nxc6 Bxc6 8. Bxc6+ bxc6 9. 0-0 0-0 10. Re1 Ne4 11. Na4 f5 12. f3 Bxh2+ 13. Kxh2 Qh4+ 14. Kg1 Qf2+ 15. Kh1 Ng3+ 16. Kh2 Rf6 17. f4 Rh6+ 0-1

[Event "Karl Mala Memorial op-B 16th"]
[Site "Frankfurt"]
[Date "2013.07.12"]
[Round "3"]
[White "Fey, Karl Heinz"]
[Black "Fredershausen, Kurt"]
[Result "1-0"]
[WhiteElo "796"]
[BlackElo "1132"]
[PlyCount "169"]
[EventDate "2013.07.11"]
[EventType "swiss"]
[EventRounds "7"]
[EventCountry "GER"]
[SourceTitle "CBM 155 Extra"]
[Source "ChessBase"]
[SourceDate "2013.08.26"]
[SourceVersion "1"]
[SourceVersionDate "2013.08.26"]
[SourceQuality "1"]

1. Nf3 Nf6 2. c4 Nc6 3. Nc3 e6 4. d4 a6 5. e4 d6 6. Be2 h6 7. 0-0 Be7 8. d5 exd5 9. exd5 Na7 10. Bf4 Bd7 11. Bd3 0-0 12. a4 c6 13. Qc2 Re8 14. b4 Qc8 15. Be3 cxd5 16. Nxd5 Nxd5 17. cxd5 Qxc2 18. Bxc2 Bf6 19. Rae1 b5 20. a5 Rac8 21. Bb3 Ra8 22. Nd2 Nc8 23. Nf3 Ne7 24. Nd2 Bc3 25. Ne4 Bxe1 26. Nxd6 Bxf2+ 27. Bxf2 Rf8 28. Bc5 f6 29. Ne4 Rfe8 30. d6+ Kh7 31. dxe7 Rh8 32. Nd6 Be8 33. Bd5 Bd7 34. Be4+ f5 35. Bxa8 Rxa8 36. Nxf5 Kg6 37. Ne3 Be8 38. Rf8 Rc8 39. Nf5 Kg5 40. Nd6 Rc7 41. Rxe8 Rd7 42. Ne4+ Kg6 43. Rd8 Rxe7 44. Bxe7 Kf7 45. Bc5 Ke6 46. Rd4 Ke5 47. Nd6 g5 48. Nf7+ Kf5 49. Nxh6+ Kg6 50. Ng4 Kh5 51. Nf6+ Kg6 52. Ne4 Kf5 53. Be7 g4 54. Bc5 Ke5 55. Nf2 Kf5 56. Nxg4 Kg5 57. g3 Kf5 58. h4 Kg6 59. Ne5+ Kh5 60. Be7 Kh6 61. g4 Kg7 62. h5 Kh6 63. Nd7 Kg7 64. Rf4 Kh6 65. Nf6 Kg5 66. Rf5+ Kh6 67. g5+ Kg7 68. Nd5 Kg8 69. h6 Kh7 70. Nc7 Kg6 71. Rd5 Kf7 72. Bd6 Kg8 73. Nxa6 Kh7 74. Rxb5 Kg6 75. Rb8 Kh7 76. Bc7 Kg6 77. Rb6+ Kh7 78. Rf6 Kh8 79. Nc5 Kg8 80. a6 Kh7 81. a7 Kh8 82. Ba5 Kh7 83. Re6 Kg8 84. a8Q+ Kh7 85. Qa7+ 1-0

[Event "Karl Mala Memorial op-B 16th"]
[Site "Frankfurt"]
[Date "2013.07.11"]
[Round "1"]
[White "Fey, Karl Heinz"]
[Black "Hagenberg, Hans Joachim"]
[Result "0-1"]
[WhiteElo "796"]
[BlackElo "1639"]
[PlyCount "44"]
[EventDate "2013.07.11"]
[EventType "swiss"]
[EventRounds "7"]
[EventCountry "GER"]
[SourceTitle "CBM 155 Extra"]
[Source "ChessBase"]
[SourceDate "2013.08.26"]
[SourceVersion "1"]
[SourceVersionDate "2013.08.26"]
[SourceQuality "1"]

1. Nf3 d5 2. d4 c6 3. e3 Nf6 4. Be2 Bf5 5. 0-0 e6 6. b3 Nbd7 7. Bb2 Bd6 8. Ne5 Qc7 9. f4 h5 10. Nf3 Ng4 11. Qd2 Qd8 12. Bd3 Bxd3 13. Qxd3 f5 14. a4 Ngf6 15. c4 Ne4 16. c5 Bc7 17. Bc3 h4 18. Kh1 Ndf6 19. Be1 Ng4 20. Bxh4 Rxh4 21. Nxh4 Ngf2+ 22. Rxf2 Nxf2+ 0-1

[Event "Rheinland Pfalz op 5th"]
[Site "Worms"]
[Date "2013.06.02"]
[Round "7"]
[White "Hinrichs, Niklas"]
[Black "Fey, Karl Heinz"]
[Result "1-0"]
[WhiteElo "1345"]
[BlackElo "771"]
[PlyCount "83"]
[EventDate "2013.05.30"]
[EventType "swiss"]
[EventRounds "7"]
[EventCountry "GER"]
[SourceTitle "EXT 2014"]
[Source "ChessBase"]
[SourceDate "2013.11.20"]
[SourceVersion "1"]
[SourceVersionDate "2013.11.20"]
[SourceQuality "1"]

1. d4 Nf6 2. c4 e6 3. Nc3 Bb4 4. Bg5 Be7 5. Nf3 d6 6. e3 Nfd7 7. Bxe7 Qxe7 8. Be2 0-0 9. 0-0 c6 10. Qc2 a5 11. Rfc1 b6 12. a3 Nf6 13. b4 Re8 14. bxa5 Rxa5 15. Qb3 Nbd7 16. Na4 Ba6 17. Qb4 c5 18. dxc5 dxc5 19. Qb3 Rb8 20. Nc3 h6 21. Rab1 Bb7 22. Rd1 Bxf3 23. Bxf3 Ne5 24. Be2 Qc7 25. Nb5 Qe7 26. f4 Nc6 27. Bf3 Na7 28. Nc3 Qc7 29. Rd2 Rd8 30. Rxd8+ Qxd8 31. Rd1 Qb8 32. Rb1 e5 33. g3 Nd7 34. Rd1 Qc7 35. Nd5 Qd6 36. Kg2 Kf8 37. Qd3 b5 38. Qh7 Nf6 39. Nxf6 Qxf6 40. Qh8+ Ke7 41. Qd8+ Ke6 42. Qd7# 1-0

[Event "Rheinland Pfalz op 2nd"]
[Site "Schweich"]
[Date "2010.07.18"]
[Round "7"]
[White "Fey, Karl Heinz"]
[Black "Zimmer, Luca"]
[Result "0-1"]
[WhiteElo "765"]
[BlackElo "894"]
[PlyCount "24"]
[EventDate "2010.07.16"]
[EventType "swiss"]
[EventRounds "7"]
[EventCountry "GER"]
[SourceTitle "EXT 2012"]
[Source "ChessBase"]
[SourceDate "2011.11.24"]
[SourceVersion "1"]
[SourceVersionDate "2011.11.24"]
[SourceQuality "1"]

1. c4 e5 2. e4 Nc6 3. a3 Bc5 4. d3 Nf6 5. b4 Bd4 6. Bb2 Bxb2 7. Ra2 Bd4 8. Be2 d6 9. Qc1 Ng4 10. Rd2 Qf6 11. Nc3 Qxf2+ 12. Kd1 Ne3# 0-1

[Event "Rheinland Pfalz op 2nd"]
[Site "Schweich"]
[Date "2010.07.16"]
[Round "3"]
[White "Fey, Karl Heinz"]
[Black "Haak, Patrick"]
[Result "0-1"]
[WhiteElo "765"]
[BlackElo "1497"]
[PlyCount "50"]
[EventDate "2010.07.16"]
[EventType "swiss"]
[EventRounds "7"]
[EventCountry "GER"]
[SourceTitle "EXT 2012"]
[Source "ChessBase"]
[SourceDate "2011.11.24"]
[SourceVersion "1"]
[SourceVersionDate "2011.11.24"]
[SourceQuality "1"]

1. a4 e5 2. c4 Bc5 3. e4 d6 4. d3 Nc6 5. Nc3 f5 6. Be2 Nf6 7. Bf3 0-0 8. b3 fxe4 9. dxe4 Ng4 10. Bxg4 Bxf2+ 11. Kf1 Bd4+ 12. Bf3 Bxc3 13. Ra2 Qe7 14. Ne2 Bb4 15. h4 Bg4 16. Ng1 Nd4 17. Rf2 Bc5 18. Be3 Nxf3 19. Bxc5 Nxg1 20. Qxg4 dxc5 21. Rxg1 Qd6 22. g3 Qd3+ 23. Kg2 Rxf2+ 24. Kxf2 Qd2+ 25. Qe2 Rf8+ 0-1

[Event "Rhein Main op 12th"]
[Site "Bad Homburg"]
[Date "2009.06.14"]
[Round "7"]
[White "Fey, Karl Heinz"]
[Black "Muheim, Xavier"]
[Result "0-1"]
[WhiteElo "827"]
[BlackElo "1380"]
[PlyCount "44"]
[EventDate "2009.06.10"]
[EventType "swiss"]
[EventRounds "7"]
[EventCountry "GER"]
[SourceTitle "CBM 131 Extra"]
[Source "ChessBase"]
[SourceDate "2009.09.03"]
[SourceVersion "2"]
[SourceVersionDate "2009.09.16"]
[SourceQuality "1"]

1. e4 c5 2. Bc4 a6 3. Nf3 b5 4. Be2 Nc6 5. 0-0 Bb7 6. a3 e6 7. c4 Bd6 8. b4 cxb4 9. axb4 Nxb4 10. Ba3 a5 11. cxb5 Bxe4 12. Nc3 Bb7 13. Bc4 Bb8 14. Re1 Nh6 15. g3 Nf5 16. Ng5 Qxg5 17. Ne2 Nh4 18. d4 Nf3+ 19. Kf1 Nxe1 20. Qxe1 Qg4 21. Rd1 Qh3+ 22. Kg1 Qg2# 0-1